[Event "GER-ch Net blitz qual1"]
[Site "Playchess.com INT"]
[Date "2021.04.24"]
[Round "7"]
[White "Rebentisch, Tom"]
[Black "Cofman, Veaceslav"]
[Result "0-1"]
[WhiteElo "1620"]
[BlackElo "2271"]
[PlyCount "88"]
[EventDate "2021.04.24"]
[EventType "swiss (blitz)"]
[EventRounds "11"]
[EventCountry "GER"]
[SourceTitle "CBM 202 Extra"]
[Source "ChessBase"]
[SourceDate "2021.07.31"]
[SourceVersion "1"]
[SourceVersionDate "2021.07.31"]
[SourceQuality "1"]

1. e4 e6 2. d3 d5 3. Nd2 Nf6 4. g3 b6 5. Bg2 Bb7 6. exd5 exd5 7. Ngf3 Bd6 8. 0-0 0-0 9. d4 Nbd7 10. c3 Re8 11. Re1 Nf8 12. Nf1 Ne4 13. Be3 Ng6 14. N1d2 Qd7 15. Qc2 f5 16. Nxe4 dxe4 17. Nd2 f4 18. gxf4 Qg4 19. Kh1 Nxf4 20. Bxf4 Qxf4 21. Nf1 h5 22. c4 c5 23. d5 Rf8 24. Kg1 Rae8 25. Rxe4 Rxe4 26. Qxe4 Qxf2+ 27. Kh1 Bc8 28. Rd1 Qxb2 29. Qg6 Qe5 30. Kg1 Bg4 31. Rd2 Rf6 32. Qe4 Qg5 33. Rf2 Rxf2 34. Kxf2 Qf6+ 35. Kg1 g6 36. Qe8+ Kg7 37. Qe4 Bf5 38. Qe2 Qd4+ 39. Kh1 Bd3 40. Qe6 Qe5 41. Qd7+ Kh6 42. Ng3 Qe1+ 43. Bf1 Bxf1 44. Kg1 Bh3+ 0-1

[Event "GER-ch Net blitz qual1"]
[Site "Playchess.com INT"]
[Date "2021.04.24"]
[Round "9"]
[White "Rebentisch, Tom"]
[Black "Kleeschaetzky, Rainer"]
[Result "1-0"]
[WhiteElo "1620"]
[BlackElo "2142"]
[PlyCount "107"]
[EventDate "2021.04.24"]
[EventType "swiss (blitz)"]
[EventRounds "11"]
[EventCountry "GER"]
[SourceTitle "CBM 202 Extra"]
[Source "ChessBase"]
[SourceDate "2021.07.31"]
[SourceVersion "1"]
[SourceVersionDate "2021.07.31"]
[SourceQuality "1"]

1. e4 e6 2. d3 c5 3. g3 Nc6 4. Bg2 g6 5. f4 Bg7 6. Nf3 Nge7 7. 0-0 0-0 8. Nc3 d6 9. Be3 Rb8 10. d4 b6 11. Qd2 a6 12. Rad1 Qc7 13. Qf2 Bd7 14. Rd2 cxd4 15. Nxd4 Nxd4 16. Bxd4 e5 17. Be3 b5 18. Rfd1 b4 19. Nd5 Nxd5 20. Rxd5 Bg4 21. R1d3 Rfd8 22. Qd2 Bf8 23. fxe5 Be6 24. exd6 Qc6 25. Rc5 Qa4 26. e5 Qxa2 27. Rc7 Qxb2 28. Bd4 Qb1+ 29. Kf2 b3 30. cxb3 Rxb3 31. Rxb3 Qxb3 32. Qc3 Qa2+ 33. Qb2 Qa4 34. Bc6 Qd1 35. d7 Bh3 36. Bg2 Bxd7 37. Be3 Be6 38. Bf3 Qd3 39. Be2 Qd5 40. Qa1 Qa2 41. Qxa2 Bxa2 42. Ra7 Be6 43. Rxa6 Bg7 44. Bf4 h5 45. h4 Rb8 46. Ra7 Rb2 47. Ke1 Bxe5 48. Bxe5 Rb1+ 49. Kf2 f5 50. Rg7+ Kf8 51. Rxg6 Bf7 52. Rf6 Ke7 53. Rxf5 Be6 54. Rxh5 1-0

[Event "GER-chT U16"]
[Site "Lingen"]
[Date "2015.12.27"]
[Round "2.3"]
[White "Hartmann, Cora"]
[Black "Rebentisch, Tom"]
[Result "0-1"]
[WhiteElo "1683"]
[BlackElo "1762"]
[PlyCount "60"]
[EventDate "2015.12.27"]
[EventType "team-swiss"]
[EventRounds "7"]
[EventCountry "GER"]
[SourceTitle "EXT 2017"]
[Source "ChessBase"]
[SourceDate "2016.10.25"]
[SourceVersion "1"]
[SourceVersionDate "2016.10.25"]
[SourceQuality "1"]
[WhiteTeam "Walldorf"]
[BlackTeam "Horst Emscher"]
[WhiteTeamCountry "GER"]
[BlackTeamCountry "GER"]

1. e4 e5 2. Nf3 Nc6 3. Bc4 Bc5 4. 0-0 Nf6 5. d4 Bxd4 6. Nxd4 Nxd4 7. f4 d6 8. fxe5 dxe5 9. Bg5 Qe7 10. Na3 c6 11. c3 Ne6 12. Bxf6 gxf6 13. Kh1 Rg8 14. Rf2 Bd7 15. Qc2 0-0-0 16. Rd1 Nf4 17. Qa4 Qc5 18. Rdf1 Be6 19. Bxe6+ fxe6 20. g3 Nh5 21. Qc2 Qe7 22. Rd1 Ng7 23. g4 h5 24. gxh5 Nxh5 25. Rdf1 Qh7 26. Rg2 Ng3+ 27. Kg1 Nxf1 28. Kxf1 Qh3 29. Qe2 Rxg2 30. Qxg2 Rd1+ 0-1

[Event "GER-chT U16"]
[Site "Lingen"]
[Date "2015.12.27"]
[Round "1.3"]
[White "Rebentisch, Tom"]
[Black "Acikel, Mert"]
[Result "1-0"]
[WhiteElo "1762"]
[BlackElo "1793"]
[PlyCount "83"]
[EventDate "2015.12.27"]
[EventType "team-swiss"]
[EventRounds "7"]
[EventCountry "GER"]
[SourceTitle "EXT 2017"]
[Source "ChessBase"]
[SourceDate "2016.10.25"]
[SourceVersion "1"]
[SourceVersionDate "2016.10.25"]
[SourceQuality "1"]
[WhiteTeam "Horst Emscher"]
[BlackTeam "Berlin Mattnetz"]
[WhiteTeamCountry "GER"]
[BlackTeamCountry "GER"]

1. e4 e5 2. Nf3 Nc6 3. Bb5 a6 4. Ba4 Nf6 5. 0-0 b5 6. Bb3 Be7 7. h3 d6 8. Re1 0-0 9. c3 Nb8 10. d4 Nbd7 11. c4 Bb7 12. Qc2 c5 13. dxe5 dxe5 14. Nc3 b4 15. Nd5 Nxd5 16. cxd5 Bd6 17. Be3 a5 18. Nd2 Ba6 19. Bc4 Qb6 20. Bxa6 Qxa6 21. Nc4 Rfc8 22. Rac1 a4 23. f3 Rab8 24. Qf2 f6 25. Qg3 Bf8 26. h4 Nb6 27. Nxb6 Qxb6 28. Rc4 Qd6 29. Rec1 Rb5 30. Qf2 f5 31. Qc2 f4 32. Qxa4 Qb6 33. Bf2 Ra5 34. Qb3 Kh8 35. Rxb4 Qxb4 36. Qxb4 cxb4 37. Rxc8 Kg8 38. d6 Rxa2 39. d7 Ra1+ 40. Kh2 Rd1 41. d8Q Rxd8 42. Rxd8 1-0

[Event "Ruhrgebiet Verbandsklasse Gruppe 2 1516"]
[Site "Germany"]
[Date "2015.12.20"]
[Round "5.7"]
[White "Eusgeld, Michael"]
[Black "Rebentisch, Tom"]
[Result "1/2-1/2"]
[WhiteElo "1755"]
[BlackElo "1762"]
[PlyCount "172"]
[EventDate "2015.09.06"]
[EventType "team-tourn"]
[EventRounds "9"]
[EventCountry "GER"]
[SourceTitle "EXT 2022"]
[Source "ChessBase"]
[SourceDate "2021.10.06"]
[SourceVersion "1"]
[SourceVersionDate "2021.10.06"]
[SourceQuality "1"]
[WhiteTeam "Essen SK Germania Kupferdreh"]
[BlackTeam "Horst Emscher II"]
[WhiteTeamCountry "GER"]
[BlackTeamCountry "GER"]

1. d4 d5 2. Nf3 Nf6 3. c4 e6 4. cxd5 exd5 5. Bg5 Be7 6. e3 h6 7. Bf4 0-0 8. Bd3 Bg4 9. Nbd2 Bd6 10. Bxd6 Qxd6 11. Qc2 c6 12. Ne5 Be6 13. 0-0 Nbd7 14. Ndf3 Ng4 15. Nxd7 Qxd7 16. Bh7+ Kh8 17. Bd3 Rfe8 18. h3 Nf6 19. Ne5 Qe7 20. a3 Nd7 21. Nxd7 Bxd7 22. Bf5 Bxf5 23. Qxf5 Qe6 24. Qf4 Re7 25. Rac1 Rae8 26. Rfe1 Qd7 27. b4 Re6 28. b5 Rf6 29. bxc6 bxc6 30. Qh2 Qf5 31. Rf1 Qd3 32. Qc7 Qxa3 33. Rxc6 Rxc6 34. Qxc6 Rd8 35. Qc7 Rf8 36. Rb1 a5 37. Rb5 Qa1+ 38. Kh2 a4 39. Rxd5 a3 40. Ra5 Qb2 41. Qe7 Kg8 42. Rxa3 Qxf2 43. Ra7 Qf5 44. Rc7 h5 45. Rc5 Qg6 46. Qh4 Qd6+ 47. Qg3 Qh6 48. Qg5 Qxg5 49. Rxg5 Re8 50. Rxh5 Rxe3 51. Re5 Rd3 52. Re8+ Kh7 53. Rd8 Kg6 54. h4 Kf6 55. g3 Ke7 56. Rd5 g6 57. Re5+ Kd6 58. Re4 Kd5 59. Re7 Kxd4 60. Rxf7 Ke5 61. Kh3 Ke6 62. Rf4 Rd5 63. Kg4 Ra5 64. Rb4 Kf6 65. Rb6+ Kg7 66. Kf4 Rf5+ 67. Ke4 Rh5 68. Rd6 Ra5 69. Rd5 Rxd5 70. Kxd5 Kh6 71. Ke4 g5 72. hxg5+ Kxg5 73. Ke3 Kg4 74. Kf2 Kg5 75. Kg2 Kg4 76. Kh2 Kg5 77. Kh3 Kh5 78. g4+ Kg5 79. Kg3 Kg6 80. Kf4 Kf6 81. g5+ Kg6 82. Kg4 Kg7 83. Kf5 Kf7 84. Ke5 Kg6 85. Kf4 Kg7 86. Kg4 Kg6 1/2-1/2

[Event "Ruhrgebiet Verbandsklasse Gruppe 2 1516"]
[Site "Germany"]
[Date "2015.09.06"]
[Round "1.8"]
[White "Rebentisch, Tom"]
[Black "Haeselhoff, Christian"]
[Result "1/2-1/2"]
[WhiteElo "1773"]
[BlackElo "1635"]
[PlyCount "80"]
[EventDate "2015.09.06"]
[EventType "team-tourn"]
[EventRounds "9"]
[EventCountry "GER"]
[SourceTitle "EXT 2022"]
[Source "ChessBase"]
[SourceDate "2021.10.06"]
[SourceVersion "1"]
[SourceVersionDate "2021.10.06"]
[SourceQuality "1"]
[WhiteTeam "Horst Emscher II"]
[BlackTeam "Gladbeck SG II"]
[WhiteTeamCountry "GER"]
[BlackTeamCountry "GER"]

1. e4 c6 2. d4 d5 3. exd5 cxd5 4. Bf4 Nc6 5. Nf3 a6 6. c3 Nf6 7. Bd3 Bg4 8. h3 Bxf3 9. Qxf3 e6 10. 0-0 Bd6 11. Nd2 Qc7 12. Bxd6 Qxd6 13. Rfe1 0-0 14. Nb3 b6 15. Rac1 a5 16. a4 Rfc8 17. Nd2 Qc7 18. Qe3 Qd6 19. Nf3 h6 20. Bb5 Ne4 21. Nd2 Nxd2 22. Qxd2 Ne7 23. f4 Ng6 24. Rf1 f5 25. Rce1 Ra7 26. g3 Re7 27. Re3 Rcc7 28. Rfe1 Nf8 29. Qe2 g6 30. Bd3 Rg7 31. Kh2 g5 32. Qf2 gxf4 33. Qxf4 Qxf4 34. gxf4 Rg6 35. Rg3 Rxg3 36. Kxg3 Rg7+ 37. Kf3 Kf7 38. c4 dxc4 39. Bxc4 Kf6 40. d5 exd5 1/2-1/2